<?xml version="1.0" encoding="UTF-8"?>
<record
    xmlns:xsi="http://www.w3.org/2001/XMLSchema-instance"
    xsi:schemaLocation="http://www.loc.gov/MARC21/slim http://www.loc.gov/standards/marcxml/schema/MARC21slim.xsd"
    xmlns="http://www.loc.gov/MARC21/slim">

  <leader>01733nam a22002177a 4500</leader>
  <controlfield tag="005">20211030101801.0</controlfield>
  <controlfield tag="008">211030b           ||||| |||| 00| 0 eng d</controlfield>
  <datafield tag="020" ind1=" " ind2=" ">
    <subfield code="a">9781398500440</subfield>
  </datafield>
  <datafield tag="040" ind1=" " ind2=" ">
    <subfield code="c">Al</subfield>
  </datafield>
  <datafield tag="041" ind1=" " ind2=" ">
    <subfield code="a">Eng</subfield>
  </datafield>
  <datafield tag="082" ind1=" " ind2=" ">
    <subfield code="2">23</subfield>
    <subfield code="a">813.6</subfield>
    <subfield code="b">MILE</subfield>
  </datafield>
  <datafield tag="100" ind1=" " ind2=" ">
    <subfield code="a">Vince Flynn</subfield>
    <subfield code="9">9370</subfield>
  </datafield>
  <datafield tag="245" ind1=" " ind2=" ">
    <subfield code="a">Enemy at the gates</subfield>
  </datafield>
  <datafield tag="260" ind1=" " ind2=" ">
    <subfield code="a">New Delhi</subfield>
    <subfield code="b">Simon &amp; Schuster </subfield>
    <subfield code="c">2021</subfield>
  </datafield>
  <datafield tag="300" ind1=" " ind2=" ">
    <subfield code="a">340p.</subfield>
    <subfield code="b">PB</subfield>
    <subfield code="c">23.5x15.5cm.</subfield>
  </datafield>
  <datafield tag="365" ind1=" " ind2=" ">
    <subfield code="a">BLCR-000062</subfield>
    <subfield code="b">&#x20B9;479.20</subfield>
    <subfield code="c">&#x20B9;</subfield>
    <subfield code="d">599.00</subfield>
    <subfield code="e">20%</subfield>
    <subfield code="f">04-10-2021</subfield>
  </datafield>
  <datafield tag="520" ind1=" " ind2=" ">
    <subfield code="a">THE NEW PULSE-POUNDING THRILLER IN THE NEW YORK TIMES BESTSELLING MITCH RAPP SERIES
When a high-level mole with power to rewrite world order infiltrates the CIA, Rapp must uncover a threat like no other.
After a blackout swept the nation, America is resuming life as normal with a new president, one unlike any Mitch Rapp has worked with in the past. As Rapp backs away, the new president, in turn, questions his loyalty.
Rapp decides to take a much-needed break. But when it's discovered that a mole in the CIA has been digging into their systems for information on Nicholas Ward, the world's first trillionaire and the man personally overseeing cutting-edge medical research in Uganda, he is pulled back onto the job.
Protecting Ward, Rapp is completely cut off from the agency as he works to identify and expose the mole. But the situation is complex. And the threat is one he could never have imagined...
'Packed with enough suspense to match all the hard-hitting action, Enemy at the Gates ups the ante moving forward, and if you think you've already seen Kyle Mills at his best . . . think again. This one is not to be missed' The Real Book Spy
</subfield>
  </datafield>
  <datafield tag="650" ind1=" " ind2=" ">
    <subfield code="a">Fiction</subfield>
    <subfield code="9">9371</subfield>
  </datafield>
  <datafield tag="700" ind1=" " ind2=" ">
    <subfield code="a">FLYNN (Vince)</subfield>
    <subfield code="9">9372</subfield>
  </datafield>
  <datafield tag="942" ind1=" " ind2=" ">
    <subfield code="2">ddc</subfield>
    <subfield code="c">BK</subfield>
  </datafield>
  <datafield tag="999" ind1=" " ind2=" ">
    <subfield code="c">220298</subfield>
    <subfield code="d">220298</subfield>
  </datafield>
  <datafield tag="952" ind1=" " ind2=" ">
    <subfield code="0">0</subfield>
    <subfield code="1">0</subfield>
    <subfield code="2">ddc</subfield>
    <subfield code="4">0</subfield>
    <subfield code="7">0</subfield>
    <subfield code="8">ENG</subfield>
    <subfield code="a">AL</subfield>
    <subfield code="b">AL</subfield>
    <subfield code="d">2021-10-12</subfield>
    <subfield code="e">NavaKarnataka Publications Pvt.Ltd.</subfield>
    <subfield code="g">479.20</subfield>
    <subfield code="l">2</subfield>
    <subfield code="o">813.6 MILE</subfield>
    <subfield code="p">075024</subfield>
    <subfield code="r">2025-02-21 00:00:00</subfield>
    <subfield code="s">2025-02-10</subfield>
    <subfield code="v">599.00</subfield>
    <subfield code="w">2021-10-30</subfield>
    <subfield code="y">BK</subfield>
  </datafield>
</record>
